| 000 | 00959nam0a22002531 4500 | ||
|---|---|---|---|
| 001 | rc\3217521 | ||
| 005 | 20130115140622.6 | ||
| 035 | _a(NLR Aleph) 007362625 | ||
| 090 |
_a6323377 _c6323377 |
||
| 100 | _a20130115d1974 |||y0rusy50 ca | ||
| 101 | 0 | _arus | |
| 102 | _aRU | ||
| 105 | _ay z ||||| | ||
| 200 | 1 |
_aКлассовая сущность полиции в условиях буржуазной демократии _e(Лекция) _fМ-во внутр. дел СССР. Ом. высш. школа милиции. Науч.-исслед. и ред.-изд. отд. |
|
| 210 |
_aОмск _cБ. и. _d1974 |
||
| 215 |
_a31 с. _d20 |
||
| 300 | _aПеред загл. авт.: Э.Г. Юмашева, к. ю. н., доц. | ||
| 333 | _aДСП. Экз. № 496 | ||
| 700 | 1 |
_aЮмашева _bЭ. Г. _gЭмилия Галимовна |
|
| 801 | 0 |
_aRU _bNLR _gpsbo |
|
| 801 | 1 |
_aRU _bELAR _2rusmarc |
|
| 852 |
_aNLR _j75-50К/1532 |
||
| 942 | _cBOOK | ||
| 980 | _aNB | ||